Score 0/50 Timer 07:00
1 Play Today
Hint Answer % Correct
Flag ColorRed
98%
Flag ColorWhite
97.4%
Capital CityWarsaw
95.3%
Bordering CountryGermany
92.4%
Nationality (Demonym)Polish
91.8%
Primary languagePolish
91.5%
ContinentEurope
88.6%
Bordering CountryRussia
87.1%
Drives on the...Right
85.9%
Bordering CountryCzechia
85.1%
Bordering CountryLithuania
82.6%
Bordering CountrySlovakia
82.4%
Bordering CountryUkraine
81.9%
Most Popular SportFootball (Soccer)
81.1%
Bordering CountryBelarus
80.6%
Largest Religious DenominationRoman Catholic
80.5%
Age of Suffrage18
77.9%
Second Largest CityKraków
76.8%
Official NameRepublic of Poland
75.3%
Bordering SeaBaltic Sea
75.2%
Internet Country Code.pl
74.1%
Principal Seaport CityGdańsk
60.1%
First Polish PopeJohn Paul II
58.8%
Bird on Coat of ArmsWhite Eagle
58%
CurrencyPolish złoty (PLN)
55.4%
Hint Answer % Correct
Astronomer, Heliocentric TheoryNicolaus Copernicus
53.8%
# of Voivodeships16
46.2%
Third Largest CityŁódź
43%
Most Famous Romantic ComposerFrédéric Chopin
39.9%
Fourth Largest CityWrocław
38.1%
First Chairman of SolidarityLech Wałęsa
37.7%
Pocket Filled PastaPierogi
37.2%
PresidentAndrzej Duda
31.3%
Longest RiverVistula River
26.8%
Prime MinisterMateusz Morawiecki
24.6%
National AnthemPoland Is Not Yet Lost
24.3%
Constitution DayMay 3, 1791
19.3%
Largest Mountain RangeCarpathian Mountains
19.2%
Highest Point (2,499 m)Rysy
17.8%
Founder of Polish StateMieszko I
17.4%
Largest StadiumNational Stadium, Warsaw
15.7%
First King of PolandBolesław I the Brave
15.5%
UNESCO World Heritage Site,Salt MineWieliczka Salt Mine
14%
Largest VoivodeshipMasovian
13.8%
Black Madonna of...Częstochowa
13.5%
Smallest VoivodeshipOpole
12.8%
Oldest Institution of Higher LearningJagiellonian University
12.3%
Largest LakeLake Śniardwy
12.2%
Lowest Point (-2 m)Raczki Elbląskie
7.2%
Largest CathedralOur Lady of Licheń
5.6%
Remove Ads.
Support Sporcle.
Get the best of Sporcle when you Go Orange. This ad-free experience offers more features, more stats, and more fun while also helping to support Sporcle. Thank you for becoming a member.

You're not logged in!

Compare scores with friends on all Sporcle quizzes.
OR
Log In

Show Comments

Extras

Top Quizzes Today


Score Distribution

Your Account Isn't Verified!

In order to create a playlist on Sporcle, you need to verify the email address you used during registration. Go to your Sporcle Settings to finish the process.

Report this User

Report this user for behavior that violates our Community Guidelines.

Details: